000 00729cgm a2200241 4500
001 J1049
008 090401t1985 xxu||||| |||| 00| 0 eng d
035 _a(Sirsi) u41538
041 _aeng
110 _aWimpey Group Services Ltd
_91027
245 _aNew homes for old
260 _c1985
300 _a1 videocassette (VHS) (23min.) : sd.
350 _a0
520 _aShows the process of extensive modernisation by Wimpey of a large housing estate, mostly with tenant in situ.
650 _aHOUSING
650 _aBUILT ENVIRONMENT-BUILDING MAINTENANCE AND REFURBISHMENT
650 _aRESIDENTIAL PROPERTY
_96266
650 _aVIDEO CASSETTE
690 _aRefurbishment
_96264
942 _n0
948 _c04/03/1997
999 _c85240
_d85240